| 000 | 00988cam a22003015a 4500 | ||
|---|---|---|---|
| 001 | 016584303 | ||
| 003 | OSt | ||
| 005 | 20201128021327.0 | ||
| 008 | 131118s2014 enka frb 001 0 eng d | ||
| 020 | _a9780080993881 | ||
| 040 |
_aStDuBDS _beng _cStDuBDS _dUk _dEG-ScBUE |
||
| 082 | 0 | 4 |
_a620.2 _222 _bGIA |
| 100 | 1 |
_aGiannakopoulos, Theodoros. _938396 |
|
| 245 | 1 | 0 |
_aIntroduction to audio analysis : _ba MATLAB approach / _cTheodoros Giannakopoulos, Aggelos Pikrakis. |
| 250 | _a1st ed. | ||
| 260 |
_aOxford ; _aWaltham ; _aSan Diego : _bAcademic Press / Elsevier, _c2014. |
||
| 300 |
_axvi, 266 p. : _bill. ; _c24 cm. |
||
| 500 | _aIndex : p. 259-266. | ||
| 504 | _aBibliography : p. 251-258. | ||
| 630 | 0 | 0 | _aMATLAB. |
| 650 | 0 |
_aAcoustical engineering. _2BUEsh _9319 |
|
| 650 | 7 |
_aNumerical analysis _xComputer programs. _2BUEsh _917882 |
|
| 651 | _2BUEsh | ||
| 653 |
_bENGGEN _cJune2015 _cAugust2015 |
||
| 655 |
_vreading book _934232 |
||
| 700 | _aPikrakis, Aggelos | ||
| 942 | _2ddc | ||
| 999 |
_c19839 _d19811 |
||